The Arcadian / Steven Pressfield.
Available copies
- 2 of 2 copies available at LARL/NWRL Consortium.
Current holds
1 current hold with 2 total copies.
Show Only Available Copies
| Location | Call Number / Copy Notes | Barcode | Shelving Location | Status | Due Date |
|---|---|---|---|---|---|
| Bagley Public Library | PRE (Text) | 33500014385405 | New | Available | - |
| Detroit Lakes Public Library | PRE (Text) | 33500014385397 | New | Available | - |
Record details
- ISBN: 9781324124252
- ISBN: 1324124253
- Physical Description: 294 pages ; 24 cm
- Edition: First edition.
- Publisher: New York, NY : W.W. Norton & Company, [2026].
- Copyright: ©2026
Content descriptions
| Summary, etc.: | "Bestselling author Steven Pressfield extends the ... Read More |
Search for related items by subject
| Subject: | Soldiers > Fiction. Mercenary troops > Fiction. Reincarnation > Fiction. Iberian Peninsula > History > 16th century > Fiction. FICTION / Action & Adventure. |
| Genre: | War fiction. Historical fiction. Thrillers (Fiction) Novels. Fiction. |
| LDR | 03983cam a22007338i 4500 | ||
|---|---|---|---|
| 001 | 482022 | ||
| 003 | LARL_NWRL_CONSORTIUM | ||
| 005 | 20260528153855.0 | ||
| 008 | 251219t20262026nyu e 000 1 eng | ||
| 010 | . | ‡a 2025054249 | |
| 040 | . | ‡aDLC ‡beng ‡erda ‡cDLC ‡dOCLCO ‡dTOH ‡dUKMGB ‡dOCLCO ‡dIUK ‡dJAS ‡dOCLCO ‡dJQM | |
| 015 | . | ‡aGBC6042040 ‡2bnb | |
| 016 | 7 | . | ‡a300708150 ‡2Uk |
| 019 | . | ‡a1582428333 | |
| 020 | . | ‡a9781324124252 ‡q(hardcover) | |
| 020 | . | ‡a1324124253 ‡q(hardcover) | |
| 020 | . | ‡z9781324124269 ‡q(ebook) | |
| 024 | 8 | . | ‡aCIPO000366860 |
| 035 | . | ‡a(OCoLC)1535851682 ‡z(OCoLC)1582428333 | |
| 042 | . | ‡apcc | |
| 082 | 0 | 4. | ‡a813.6 ‡223 |
| 100 | 1 | . | ‡aPressfield, Steven, ‡eauthor. ‡4aut ‡4http://id.loc.gov/vocabulary/relators/aut ‡1https://id.oclc.org/worldcat/entity/E39PBJkHqGrWd3Gj6kRdQ8VQv3 ‡1http://id.loc.gov/rwo/agents/n94077375 ‡0(LARL_NWRL_CONSORTIUM)115441 |
| 245 | 1 | 4. | ‡aThe Arcadian / ‡cSteven Pressfield. |
| 250 | . | ‡aFirst edition. | |
| 264 | 1. | ‡aNew York, NY : ‡bW.W. Norton & Company, ‡c[2026]. | |
| 264 | 4. | ‡c©2026 | |
| 300 | . | ‡a294 pages ; ‡c24 cm | |
| 334 | . | ‡asingle unit ‡bmono ‡0http://id.loc.gov/vocabulary/issuance/mono | |
| 336 | . | ‡atext ‡btxt ‡2rdacontent ‡0http://id.loc.gov/vocabulary/contentTypes/txt | |
| 337 | . | ‡aunmediated ‡bn ‡2rdamedia ‡0http://id.loc.gov/vocabulary/mediaTypes/n | |
| 338 | . | ‡avolume ‡bnc ‡2rdacarrier ‡0http://id.loc.gov/vocabulary/carriers/nc | |
| 520 | . | ‡a"Bestselling author Steven Pressfield extends the saga of his mercenary-hero Telamon of Arcadia-who, we now learn, is fated to live again and again, century after century, bound by the karma of violence and the wheel of reincarnation. Spain in the 1500s. The Iberian Peninsula is fractured, faiths collide, and war brews. Into this world rides Telamon-soldier, killer, eternal outcast-drawn into a brutal conflict between Portuguese invaders and desperate Andalusian defenders. But he is not alone. Traveling with him through time and lifetimes are others-comrades, lovers, enemies-each reborn in new guises, all entangled in a cosmic tale. Part historical epic, part metaphysical quest, An Outcast from Felicity asks: Can a man born to fight ever lay down his sword? And is redemption possible after so many lifetimes soaked in blood? A gripping standalone novel, as grounded in gritty realism as it is in the mysticism of the ancient Greek world, The Arcadian is a tale of war, fate, and the search for release from a cycle as old as time itself"-- Provided by publisher. | |
| 650 | 0. | ‡aSoldiers ‡vFiction. ‡0(LARL_NWRL_CONSORTIUM)167271 | |
| 650 | 0. | ‡aMercenary troops ‡vFiction. ‡0(LARL_NWRL_CONSORTIUM)166185 | |
| 650 | 0. | ‡aReincarnation ‡vFiction. ‡0(LARL_NWRL_CONSORTIUM)167094 | |
| 651 | 0. | ‡aIberian Peninsula ‡xHistory ‡y16th century ‡vFiction. | |
| 650 | 7. | ‡aFICTION / Action & Adventure. ‡2bisacsh | |
| 655 | 7. | ‡aWar fiction. ‡2lcgft | |
| 655 | 7. | ‡aHistorical fiction. ‡2lcgft | |
| 655 | 7. | ‡aThrillers (Fiction) ‡2lcgft | |
| 655 | 7. | ‡aNovels. ‡2lcgft | |
| 655 | 7. | ‡aFiction. ‡2lcgft | |
| 758 | . | ‡1http://id.loc.gov/resources/instances/in00024369812 | |
| 758 | . | ‡4http://id.loc.gov/ontologies/bibframe/instanceOf ‡1http://id.loc.gov/resources/works/in00024369812 | |
| 776 | 0 | 8. | ‡iebook version : ‡z9781324124269 |
| 884 | . | ‡aDLC bibframe2marc v3.1-dev ‡g20251219 ‡qDLC ‡uhttps://github.com/lcnetdev/bibframe2marc/tree/v3.1-dev | |
| 901 | . | ‡a482022 ‡bOCoLC ‡c482022 ‡tbiblio ‡soclc | |

Add to basket
Permalink
Disable Highlighting